|
|
|
|
| LEADER |
00000nab a2200000 a 4500 |
| 001 |
vtls010030851 |
| 003 |
SK-MaSNL |
| 005 |
20260318114311.0 |
| 008 |
091211c2009 xo mr p 000 c0ukr |
| 015 |
|
|
|a SNBRB2009/12
|
| 038 |
|
|
|a SVKPOCL
|
| 040 |
|
|
|a SVKPOCL
|b slo
|c SVKPOCL
|e AACR2
|
| 041 |
0 |
|
|a ukr
|
| 044 |
|
|
|a xo
|c SK
|
| 080 |
|
|
|a 316.022.4(=161.25)(100):061.2
|2 2001
|
| 080 |
|
|
|a 061.2
|2 2001
|
| 100 |
1 |
|
|a Protivňák, Vladimír,
|d 1952-
|4 aut
|9 768283
|
| 245 |
1 |
0 |
|a Svitova rada Rusyniv zasidala v Prjašovi
|c Informaciju iz zasidanja SRR podav V. Protyvnjak, člen SRR, spracovala A. Kuzmjakova
|
| 300 |
|
|
|b Fotogr.
|
| 610 |
2 |
7 |
|a Svetová rada Rusínov
|x zasadanie
|y 13.2.2009
|2 svkpocl
|9 1325451
|
| 650 |
0 |
7 |
|a Rusíni
|2 svkpocl
|9 4087
|
| 650 |
0 |
7 |
|a zasadania
|2 svkpocl
|9 284751
|
| 651 |
|
7 |
|a Prešov (Slovensko)
|2 svkpocl
|9 17347
|
| 700 |
1 |
|
|a Kuzmiaková, Anna,
|d 1949-
|4 aut
|9 210981
|
| 773 |
0 |
|
|t Info Rusyn
|g Roč. VI, č. 4 (2009), s. 1-2
|
| 852 |
|
|
|a SVKPO
|b KIS3GCP
|
| 958 |
|
|
|a RN
|
| 958 |
|
|
|a SK
|
| 999 |
|
|
|c 3344939
|d 3346869
|